000 01219njm a22002537a 4500
005 20100906104752.0
006 a|||||r|||||00| 0
007 sd ammalaaahaa
008 100901t xxu||||| |||| 00| 0 eng d
028 _aN -87555
_bHis Master 's Voice
035 _aGR-586
040 _aSED
_cSED
100 _aGupta Milon
_917816
245 _aSouth argen -Baterj :
_cby Milon Gupta
_h[Gramophone Recoding] :
_bHal kesa he:chalti ka nam gadi/
246 _a१ साउथ अर्गें -बतेर्ज : हाल केसा हे : चलती का नाम गाड़ी
260 _aDum Dum, India:
_bHis Master 's Voice
300 _a1 sound Disc [GramaphoneRecording] :
_banalog, 33 1/3 rpm ;
_c9.5 in (MP)
_fGramaphone Records
500 _aBrief Record
505 _a१ हाल केसा हे :चलती का नाम गाड़ी Hal kesa he:chalti ka nam gadi//साइड-२ वहे चाँद लिखा ''अनाड़ी '' whe chand ikha''Anadi''
650 _aMotion Picture Music
_xExcerpts
_zIndia
_917817
700 _917836
_aKhayyam
942 _2ddc
_cGR
999 _c43877
_d43877